Masculinidad, ¿nuevas construcciones o más de lo mismo? /

Es un resumen de una Investigación realizada sobre la construcción de los masculino y las relaciones de género, aquí se cuestiona sobre el uso tradicional de estas dos concepciones, planteandose así una nueva manera de hablar sobre las masculinidades. /WMV

Збережено в:
Бібліографічні деталі
Автор: Martínez Fernández, Pablo
Формат: Текст
Предмети:
Теги: Додати тег
Немає тегів, Будьте першим, хто поставить тег для цього запису!

MARC

LEADER 00000 a a2200000 04500
001 14366
003
040
100 |a Martínez Fernández, Pablo  
245 |a Masculinidad, ¿nuevas construcciones o más de lo mismo? /  |c Pablo Martínez Fernández 
520 |a Es un resumen de una Investigación realizada sobre la construcción de los masculino y las relaciones de género, aquí se cuestiona sobre el uso tradicional de estas dos concepciones, planteandose así una nueva manera de hablar sobre las masculinidades. /WMV  
650 |a CAMBIO CULTURAL  
650 |a GENERO  
650 |a MASCULINIDAD  
773 |g volumen 4, número 6 -7; páginas 119-142  
999 |c 31608  |d 31608